Small Islands, Large Questions : (Record no. 610722)

MARC details
000 -LEADER
fixed length control field 00497nam a2200193 a 4500
008 - FIXED-LENGTH DATA ELEMENTS--GENERAL INFORMATION
fixed length control field 260206s1995##################000#0#eng##
020 ## - INTERNATIONAL STANDARD BOOK NUMBER
ISBN 9780714645766
082 04 - DEWEY DECIMAL CLASSIFICATION NUMBER
Classification number 306.09729
Item number OLW
100 1# - MAIN ENTRY--AUTHOR NAME
Personal name Olwig, Karen Fog,
245 10 - TITLE STATEMENT
Title Small Islands, Large Questions :
260 ## - PUBLICATION, DISTRIBUTION, ETC. (IMPRINT)
Name of publisher Routledge,
Year of publication 1995.
300 ## - PHYSICAL DESCRIPTION
Number of Pages 216 pages
650 #0 - SUBJECT ADDED ENTRY--TOPICAL TERM
Topical Term History.
942 ## - ADDED ENTRY ELEMENTS (KOHA)
Koha item type English Books
Holdings
Withdrawn status Lost status Damaged status Not for loan Home library Current library Shelving location Date acquired Full call number Accession Number Price effective from Koha item type
        Anna Centenary Library Anna Centenary Library 3RD FLOOR, B WING 06.02.2026 306.09729 OLW 171741 06.02.2026 English Books

Find us on the map